Introduction to mathematical statistics

Αποθηκεύτηκε σε:
Λεπτομέρειες βιβλιογραφικής εγγραφής
Κύριος συγγραφέας: Hogg, Robert V.
Άλλοι συγγραφείς: Craig, A. T. (Allen Thornton) 1905-
Μορφή: Βιβλίο
Γλώσσα:English
Δημοσίευση: Englewood Cliffs, N.J. : Prentice Hall, c1995
Έκδοση:5th ed.
Θέματα:
Ετικέτες: Προσθήκη ετικέτας
Δεν υπάρχουν, Καταχωρήστε ετικέτα πρώτοι!

MARC

LEADER 00000nam a2200000 i 4500
001 1/25765
008 020713s1995 eng d
020 |a 0023557222 
035 |l 10068125 
040 |a GR-MY-UA  |b gre  |e aacr 
041 0 |a eng 
082 0 |a 519.5 
100 1 |a Hogg, Robert V. 
245 1 0 |a Introduction to mathematical statistics /  |c Robert V. Hogg, Allen T. Craig 
250 |a 5th ed. 
260 |a Englewood Cliffs, N.J. :   |b Prentice Hall,   |c c1995 
300 |a xi, 564 p.;  |b ill.;  |c 24 cm. 
504 |a Includes bibliographical references and index 
650 0 0 |a Mathematical statistics. 
700 1 |a Craig, A. T.  |q (Allen Thornton)  |d 1905- 
852 |a INST  |b SAMOS  |e 20020713  |h 519.5 HOG  |p 005300020038  |q 005300020038  |t BK  |y 0 
901 |a BIBL3-2002-2 
909 |a Σ  |b 102295 
922 |a 3ΕΛΗ  |b 200202  |c ΤΣΑΕ  |d ΠΑΠΑΣΩΤΗΡΙΟΥ 
950 |a 184-2002-02-19 
970 |a ΚΟΣΙΕΡΗΣ  |b ΧΡΗΣΤΟΣ  |z 2002/07/17